banner koha

Resultados da aplicação tópica do extrato de própolis na redução da progressão da doença periodontal (Registro n. 300138)

MARC details
000 -LÍDER
fixed length control field 03326nab a2200301 i 4500
003 - CÓDIGO MARC DA AGÊNCIA CATALOGADORA
Campo de controle BR-BrBNA
005 - DATA E HORA DA ÚLTIMA ATUALIZAÇÃO
Campo de controle 20240619133122.0
008 - CAMPO DE TAMANHO FIXO
fixed length control field 240619b2015 bl.qr|pooa||| 00| 0 por |
040 ## - FONTE DA CATALOGAÇÃO
Agência catalogadora BR-BrBNA
Idioma da catalogação por
072 ## - CATEGORIA AGRIS
Código AGRIS F60
100 ## - ENTRADA PRINCIPAL - NOME PESSOAL
Nome pessoal Ribeiro, M.R.G.
100 ## - ENTRADA PRINCIPAL - NOME PESSOAL
Nome pessoal Gualberto, A.M.
100 ## - ENTRADA PRINCIPAL - NOME PESSOAL
Nome pessoal Silva, M.A.S.
100 ## - ENTRADA PRINCIPAL - NOME PESSOAL
Nome pessoal Souza, S.F.C.
100 ## - ENTRADA PRINCIPAL - NOME PESSOAL
Nome pessoal Souza, E.M.
100 ## - ENTRADA PRINCIPAL - NOME PESSOAL
Nome pessoal Silva, V.C.
245 ## - TÍTULO PRINCIPAL
Título principal Resultados da aplicação tópica do extrato de própolis na redução da progressão da doença periodontal
500 ## - NOTA GERAL
Nota geral Publicação on-line; 46 ref.; 1 tables; 1 illus.; Summaries (En, Pt)
942 ## - ADDED ENTRY ELEMENTS (KOHA)
Koha item type
520 ## - NOTA DE RESUMO
Nota de conteúdo <br/><br/>RESUMO: <br/><br/>Agentes químicos têm sido usados para auxiliar na inibição da formação do biofilme<br/>e impedir desenvolvimento da doença periodontal (DP). O objetivo deste estudo foi avaliar<br/>radiograficamente a ação do extrato de própolis na progressão da DP induzida em ratos. Foram<br/>utilizados 48 ratos Wistar, divididos em 4 grupos (n=12): Controle, Pincel, Própolis e Clorexidina.<br/>Os grupos foram subdivididos para análise aos 7 e 21 dias. A progressão da DP foi avaliada<br/>radiograficamente pela distância entre a junção cemento-esmalte e a crista óssea alveolar na<br/>face mesial do 1º molar inferior. A perda óssea foi significativamente menor nos animais do<br/>grupo própolis em ambos os períodos (p ≤ 0,01). Concluiu-se por análise radiográfica que a<br/>aplicação tópica do extrato de própolis interfere reduzindo a progressão da doença periodontal<br/>induzida por ligadura em ratos, demonstrando a importância desse composto como substância<br/>auxiliar no tratamento periodontal.<br/><br/>Palavras-Chave: Periodontia, Própolis, Radiografia.
520 ## - NOTA DE RESUMO
Nota de conteúdo <br/><br/>ABSTRACT: <br/><br/>Results of topical application of propolis extracts in reducing progression of<br/>periodontal disease. Chemical agents have been used to assist on inhibiting biofilm formation<br/>and on preventing the development of periodontal disease (PD). The aim of this study was to<br/>radiographically evaluate the action of propolis extract on the progression of PD induced in rats.<br/>48 Wistar rats were divided into 4 groups (n = 12): Control, Brush, Propolis and Chlorhexidine.<br/>The groups were subdivided for analysis at 7 and 21 days. The progression of the periodontal<br/>disease was radiographically assessed by the distance between the cement-enamel junction<br/>and the alveolar bone crest mesial of the 1st molar. Bone loss was significantly lower in the<br/>Propolis group in both periods (p ≤ 0.01). By radiographic analysis, it is concluded that the<br/>topical application of propolis extract interferes by reducing the progression of ligature-induced<br/>periodontal disease in rats, demonstrating the importance of this compound as an auxiliary<br/>substance in periodontal treatment.<br/><br/>Keywords: Periodontitis, Propolis, Radiography.
650 ## - ASSUNTO - THESAGRO
Cabeçalho tópico ou nome geográfico PRÓPOLIS
650 ## - ASSUNTO - THESAGRO
Cabeçalho tópico ou nome geográfico RADIOGRAFIA
650 ## - ASSUNTO - THESAGRO
Cabeçalho tópico ou nome geográfico PERIODONTIA
773 0# - ENTRADA ANALÍTICA
Host Biblionumber 3543
Registro do item 315963
Imprenta Botucatu-SP Instituto de Biociências - Departamento de Química e Bioquímica 1998
Outro identificador 2024-2330
Título Revista Brasileira de Plantas Medicinais (Brazil)
ISSN 1516-0572
Colação v. 17(4 suppl. 2) p. 915-921; (2015)
Número de controle de registro BR2024001422
856 ## - ACESSO E ENDEREÇO ELETRÔNICO
Identificador uniforme de recurso - URI https://www.scielo.br/j/rbpm/a/sSHTJfWp5VfGvcpMLtKvMpt/?format=pdf&lang=pt

Nenhum exemplar disponível.

BINAGRI

Telefone: (61)3218-2567/2388/3357/2097 - binagri@agro.gov.br

Ministério da Agricultura e Pecuária , Esplanada dos Ministérios, Bloco D, Anexo B, Brasília/DF, CEP: 70.043-900